[Event "West Bromwich 4NCL op-B 9th"]
[Site "West Bromwich"]
[Date "2016.07.09"]
[Round "3.15"]
[White "Tinas, Christos"]
[Black "Pride, Stephen C"]
[Result "1/2-1/2"]
[WhiteElo "1552"]
[BlackElo "1639"]
[PlyCount "36"]
[EventDate "2016.07.08"]
[EventType "swiss"]
[EventRounds "5"]
[EventCountry "ENG"]
[SourceTitle "EXT 2023"]
[Source "ChessBase"]
[SourceDate "2022.10.05"]
[SourceVersion "1"]
[SourceVersionDate "2022.10.05"]
[SourceQuality "1"]

1. e4 d6 2. d4 Nf6 3. Nc3 e5 4. dxe5 dxe5 5. Qxd8+ Kxd8 6. Bg5 Be6 7. 0-0-0+ Kc8 8. f4 exf4 9. e5 h6 10. Bxf6 gxf6 11. exf6 Nd7 12. Nf3 Nxf6 13. Bd3 c6 14. h3 Kc7 15. Rd2 Bc5 16. Re2 Rhg8 17. Rhe1 Rad8 18. Kb1 Bb4 1/2-1/2